• 首页
  • 本馆介绍
  • 公告通知
  • 最新文献
  • 馆藏检索
  • 电子资源
  • 读者导购
  • 参考咨询
  • 我的图书馆
  • 登录
  • 详细信息显示
  • 放入我的书架
  • 预约/预借图书
  • 作者相关作品
  • 分类相关作品
  • 丛书相关作品
  • 出版社相关作品

书目信息

  • 表格格式
  • 工作单格式
  • 卡片格式
题名:
中枢神经系统疾病手法治疗指南
    
 
作者: 中村隆一
分册:  
出版信息: 长春   吉林科学技术出版社  1991.01
页数: 136页
开本: 16开
丛书名:
单 册:
中图分类: R741.05-62
科图分类:
主题词: 神经病学
电子资源:
ISBN: 7-5384-0907-6
000 00585nam0 2200181 45
001 9911301546
005 19991130153515.1
010    @a7-5384-0907-6@d5.10
100    @a19991130d1991 km y0chiy0120 ea
101    @achi
105    @a z 000yy
200 1  @a中枢神经系统疾病手法治疗指南@AZhong Shu Shen Jing Xi Tong Ji Bing Shou Fa Zhi Liao Zhi Nan@f中村隆一@FZhong Cun Long Yi
210    @a长春@c吉林科学技术出版社@d1991.01
215    @a136页@c无图表@d16开
606 0  @a神经病学
690    @aR741.05-62@v3
801    @aCN@bPerfectUser@c19991130
905    @aBZT@b42033-037@f5@dR741.05-62@e1
    
    中枢神经系统疾病手法治疗指南/中村隆一.-长春:吉林科学技术出版社,1991.01
    136页:无图表;16开
    
    
    ISBN 7-5384-0907-6:5.10
    
●
相关链接 在五车中查询图书 在当当中查询图书 在豆瓣中查询图书


正题名:中枢神经系统疾病手法治疗指南     索取号:R741.05-62/1         预约/预借

序号 登录号 条形码 馆藏地/架位号 状态 备注
1 42033   200570408   中心书库中库/ 中库014架A面2列4层21/ [索取号:R741.05-62/1] 在馆    
2 42034   200570337   中心书库中库/ 中库014架A面2列4层24/ [索取号:R741.05-62/1] 在馆    
3 42035   200570346   中心书库中库/ 中库014架A面2列4层23/ [索取号:R741.05-62/1] 在馆    
4 42036   200570391   中心书库中库/ 中库014架A面2列4层22/ [索取号:R741.05-62/1] 在馆    
5 42037   200570426   中心书库中库/ 中库014架A面2列4层20/ [索取号:R741.05-62/1] 在馆    
山东省滨州职业学院图书馆 欢迎您!
大连网信软件有限公司© 版权所有